000 00405nam a22001697a 4500
003 OSt
005 20250327170509.0
008 250311b |||||||| |||| 00| 0 eng d
020 _a9788182904316
082 _a808.849
_bSINR
100 _aSingh, Karan
245 _aReflections Anthology of Essays
260 _aGurugram
_bSubhi publications
300 _a263p.
546 _aEnglish
942 _2ddc
_cBK
999 _c3721
_d3721